000 00753nam a2200253 a 4500
001
003 Ost
005 20220715134240.0
008 081126s1998 dr 000 0 spa d
020 _a9993476765
040 _aDO-SdBNP
_bspa
_cBPMSU
082 _a305.5097293
_bB742c 1998
_222
100 1 _a Bosch, Juan,
_d1909-2001
_91
245 1 0 _aClases sociales en la República Dominicana /
_cJuan Bosch.
250 _a9a.ed.
260 _aSanto Domingo :
_bAlfa y Omega,
_c1998
300 _a259 p. ;
_c23 cm.
590 _aInventariado, 2022/VM
650 4 _aClases sociales
_xRepública Dominicana
651 4 _aRepública Dominicana
_xCondiciones sociales
651 4 _aRepública Dominicana
_xHistoria
910 _aVMateo V.
942 _2ddc
_cBK
999 _c14106
_d14106